00935nam a2200229 i 450000100060000000300090000600500170001500700030003200800410003502000180007608000340009410000400012824501310016826000350029930000220033449000420035660000850039883000500048385200330053399900170056695201220058398839ES-MaACL20250916201038.0t|051027s2001 sp ||||1| spa d a84-7490-612-1 a1 Teilhard de Chardin, Pierre1 aPérez de Laborda, Alfonso.99078713aLa filosofía de Pierre Teilhard de Chardin b: la emergencia de un pensamiento transfigurado / cAlfonso Pérez de Laborda. aMadrid : bEncuentro, c[2001] a474 p. ; c23 cm.1 aEnsayos (Ediciones Encuentro) ; v18114aTeilhard de Chardin, Pierre, d1881-1955- xCrítica e interpretación91095220 aEnsayos (Ediciones Encuentro) ; v1819180604 aES-MaACLjL-29252 bR.136623 c98839d98839 00104070aATENEOMbATENEOMcDEPO2d2008-01-17eSCl0oL-29252p1103196r2023-02-23 00:00:00w2023-02-23yMONOGRAFIA